Reforming capitalism : (Record no. 14850)

000 -LEADER
fixed length control field 01803cam a22003494a 4500
001 - CONTROL NUMBER
control field 16998680
005 - DATE AND TIME OF LATEST TRANSACTION
control field 20170105102905.0
008 - FIXED-LENGTH DATA ELEMENTS--GENERAL INFORMATION
fixed length control field 111013s2012 nyu b 001 0 eng
010 ## - LIBRARY OF CONGRESS CONTROL NUMBER
LC control number 2011040879
020 ## - INTERNATIONAL STANDARD BOOK NUMBER
International Standard Book Number 9780415517386 (hbk. : alk. paper)
020 ## - INTERNATIONAL STANDARD BOOK NUMBER
International Standard Book Number 0415517389 (hbk. : alk. paper)
035 ## - SYSTEM CONTROL NUMBER
System control number (OCoLC)ocn757133509
040 ## - CATALOGING SOURCE
Original cataloging agency DLC
Language of cataloging eng
Transcribing agency DLC
Modifying agency YDX
-- BTCTA
-- YDXCP
-- CDX
-- DLC
042 ## - AUTHENTICATION CODE
Authentication code pcc
050 00 - LIBRARY OF CONGRESS CALL NUMBER
Classification number HF1106
Item number .B74 2012
082 00 - DEWEY DECIMAL CLASSIFICATION NUMBER
Classification number 174/.4
Edition number 23
100 1# - MAIN ENTRY--PERSONAL NAME
Personal name Buchholz, Rogene A.
245 10 - TITLE STATEMENT
Title Reforming capitalism :
Remainder of title the scientific worldview and business /
Statement of responsibility, etc. Rogene A. Buchholz.
260 ## - PUBLICATION, DISTRIBUTION, ETC.
Place of publication, distribution, etc. New York :
Name of publisher, distributor, etc. Routledge,
Date of publication, distribution, etc. 2012.
300 ## - PHYSICAL DESCRIPTION
Extent xiv, 345 p. ;
Dimensions 24 cm.
490 0# - SERIES STATEMENT
Series statement Routledge studies in business ethics ;
Volume/sequential designation 5
504 ## - BIBLIOGRAPHY, ETC. NOTE
Bibliography, etc. note Includes bibliographical references and index.
505 0# - FORMATTED CONTENTS NOTE
Formatted contents note Introduction -- The traditional scientific worldview -- The rise of modern science and its characteristics -- Values and ethics -- Economics -- Politics -- Culture -- Nature -- Toward a new understanding of science -- The pragmatic view of science and its characteristics -- Pragmatism and values -- Pragmatism and economics -- Pragmatism and politics -- Pragmatism and culture -- Pragmatism and nature -- Implications for business -- The corporation and community -- Business and science -- Financial armageddon -- Management and an ethic of service -- Selected bibliography -- Notes -- Index.
650 #0 - SUBJECT ADDED ENTRY--TOPICAL TERM
Topical term or geographic name entry element Business education.
650 #0 - SUBJECT ADDED ENTRY--TOPICAL TERM
Topical term or geographic name entry element Science
General subdivision Moral and ethical aspects.
650 #0 - SUBJECT ADDED ENTRY--TOPICAL TERM
Topical term or geographic name entry element Pragmatism.
650 #0 - SUBJECT ADDED ENTRY--TOPICAL TERM
Topical term or geographic name entry element Philosophy, American.
650 #0 - SUBJECT ADDED ENTRY--TOPICAL TERM
Topical term or geographic name entry element Social responsibility of business.
906 ## - LOCAL DATA ELEMENT F, LDF (RLIN)
a 7
b cbc
c orignew
d 1
e ecip
f 20
g y-gencatlg
942 ## - ADDED ENTRY ELEMENTS (KOHA)
Source of classification or shelving scheme
Koha item type Book
Holdings
Withdrawn status Lost status Damaged status Not for loan Collection code Permanent Location Current Location Shelving location Date acquired Total Checkouts Full call number Barcode Date last seen Price effective from Koha item type
          Centre for International Peace & Stability (CIPS) Centre for International Peace & Stability (CIPS) General Stacks 10/01/2013   174.4 BUC 2012 CIPS0001459 10/22/2013 10/22/2013 Book
© 2023 Central Library, National University of Sciences and Technology. All Rights Reserved.